000 00603nam a2200181Ia 4500
008 090123s9999 xx 000 0 und d
082 _b4985
_a891.463/गांगल
100 _aगांगल वसंत
245 _aएक काहूर उठलं होतं
250 _a3
260 _bरंजना प्रकाशन
_c1978
300 _a212
600 _aगांगल वसंत
630 _aएक काहूर उठलं होतं
700 _aगांगल वसंत
730 _aएक काहूर उठलं होतं
942 _cBOOK
999 _c43060
_d43060